Tolerancia finančných rizík z hľadiska vybraných sociálno-demografických skupín

Krátky súhrn základných štúdií z oblasti výskumu tolerancie finančných rizík podľa sociálno-demografických skupín a špecifických domén. Hlavné výsledky porovnania tolerencie finančných rizík.

Gespeichert in:
Bibliographische Detailangaben
1. Verfasser: Baláž, Vladimír
Format: Buchkapitel
Sprache:Slowakisch
Schlagworte:
Tags: Tag hinzufügen
Keine Tags, Fügen Sie das erste Tag hinzu!

MARC

LEADER 00000naa a2200000 4500
001 0156921
005 20240502072736.2
041 0 |a slo 
044 |a SK 
245 1 0 |a Tolerancia finančných rizík z hľadiska vybraných sociálno-demografických skupín  |c Vladimír Baláž 
520 |a Krátky súhrn základných štúdií z oblasti výskumu tolerancie finančných rizík podľa sociálno-demografických skupín a špecifických domén. Hlavné výsledky porovnania tolerencie finančných rizík. 
610 2 0 |a tolerancia 
610 2 0 |a Slovensko 
610 2 0 |a Veľká Británia 
610 2 0 |a riziko finančné 
610 2 0 |a trh finančný 
610 2 0 |a porovnanie medzinárodné 
100 1 |a Baláž, Vladimír